Statistics for 一級水系本流の最下流部に架かる鉄道橋

Click here to take the quiz!

General Stats

  • This quiz has been taken 21 times
  • The average score is 65 of 206

Answer Stats

河川Answer% Correct
静岡
78%
富士川新富士
72%
豊川豊橋
72%
掛川
72%
浜松
72%
平塚
67%
淀川
67%
葛西臨海公園
67%
相模川茅ケ崎
67%
木曽川近鉄弥富
67%
利根川香取
67%
新宮
67%
荒川新木場
67%
江津
61%
十二橋
61%
菊川
61%
大分川大分
61%
新潟
61%
京急川崎
61%
東釧路
56%
大淀川宮崎
56%
南宮崎
56%
多摩川六郷土手
56%
釧路川釧路
56%
近鉄長島
56%
和歌山市
56%
鶴見川国道
50%
白川熊本
50%
信濃川白山
50%
菊川金谷
50%
五ヶ瀬川延岡
50%
姫川糸魚川
50%
富山
50%
那珂川水戸
50%
三河安城
50%
遠賀川
50%
佐古
50%
新宮川鵜殿
50%
関川直江津
44%
鶴見小野
44%
伝法
44%
斐伊川直江
44%
勝田
44%
川内
44%
南延岡
44%
新八代
44%
石狩川あいの里公園
44%
球磨川八代
44%
大甕
39%
湧別川遠軽
39%
揖保川姫路
39%
豊岡
39%
ロイズタウン
39%
鵡川占冠
39%
トマム
39%
十勝川幕別
39%
久慈川東海
39%
久留米
39%
梯川小松
39%
千代川鳥取
39%
岩沼
39%
出雲市
33%
天神川倉吉
33%
山国川吉富
33%
中津
33%
大野川鶴崎
33%
太子堂
33%
本八戸
33%
荒川坂町
33%
遠賀川水巻
33%
伏木
33%
米代川能代
33%
黒部宇奈月温泉
33%
名取川南仙台
33%
赤川鶴岡
33%
常願寺川東富山
33%
黒井
33%
日野川伯耆大山
33%
渡川中村
28%
尻別川昆布
28%
安国
28%
和木
28%
小瀬川大竹
28%
高砂
28%
緋牛内
28%
常呂川端野
28%
新倉敷
28%
丹後由良
28%
子吉川羽後本荘
28%
高津川益田
28%
美幌
28%
相生
28%
芦田川福山
28%
高鍋
28%
ニセコ
28%
大在
28%
筑後川新鳥栖
28%
柳津
28%
黒部川生地
28%
利別
28%
五所川原
28%
黒部川西入善
28%
水橋
28%
神通川呉羽
28%
美川
28%
諫早
28%
庄内川近鉄八田
28%
嘉瀬川バルーンさが(臨)
22%
緑川川尻
22%
富合
22%
矢部川西鉄中島
22%
肥前白石
22%
六角川江北
22%
肥後高田
22%
西大寺
22%
菊池川玉名
22%
小丸川川南
22%
備後赤坂
22%
佐波川防府
22%
吉野川吉成
22%
阿南
22%
久保田
22%
天塩川士別
22%
湖山
22%
由良川丹後神崎
22%
漕代
22%
羽後牛島
22%
雄物川新屋
22%
多寄
22%
向能代
22%
小矢部川能町
22%
上中
22%
手取川小舞子
22%
明峰
22%
高瀬川上北町
22%
大和川住ノ江
22%
七道
22%
岩木川木造
22%
円山川コウノトリの郷
22%
加古川尾上の松
22%
伏屋
22%
紀の川紀ノ川
22%
櫛田川櫛田
22%
桜町前
17%
矢作川米津
17%
本明川東諌早
17%
江の浦
17%
松浦川東唐津
17%
和多田
17%
17%
最上川北余目
17%
北楠
17%
阿武隈川逢隈
17%
陸前小野
17%
番匠川上岡
17%
直見
17%
鳴瀬川野蒜
17%
馬淵川長苗代
17%
乙供
17%
川内川上川内
17%
鈴鹿川塩浜
17%
宮町
17%
宮川小俣
17%
丸亀
17%
雲出川高茶屋
17%
六軒
17%
高梁川西阿知
17%
大道
17%
土器川宇多津
17%
仁淀川伊野
17%
肱川伊予大洲
17%
東山公園
17%
旭川京橋(臨)
11%
北上川御岳堂
11%
吉井川大富
11%
戸田小浜
11%
小橋
11%
江の川浅利
11%
北川若狭有田
11%
中角
11%
太田川福島町
11%
広電西広島
11%
九頭竜川新田塚
11%
下北条
11%
藤島
11%
羽後岩谷
11%
那賀川阿波中島
11%
砂越
11%
肥後伊倉
11%
平林
11%
阿賀野川大形
11%
新崎
11%
庄川六渡寺
11%
庄川口
11%
重信川鎌田
11%
岡田
11%
西大洲
11%
物部川立田
11%
のいち
11%
波川
11%
具同
11%

Score Distribution

Percentile by Number Answered

Percent of People with Each Score

Your Score History

You have not taken this quiz